000 00860nam a22002172 4500
001 0000024520
005 20151217145948.0
008 131219s xx 000 0 eng d
020 _a0199565061 :
040 _aKABU
_cKABU
245 1 4 _aThe UN Convention on the elimination of forms of discrimination against women :
_ba commentary /
_cedited by Marsha A. Freeman, Christine Chinkin, Beate Rudolf.
250 _a1st ed.
260 _aOxford :
_bO. U. P.,
_c2012.
300 _alvii, 731 p.
610 2 0 _aUnited Nations.
_bCommittee on the Elimination of Discrimination against Women.
_@0000184753
630 0 0 _aConvention on the Elimination of All Forms of Discrimination against Women
_d1980.
_@0000184754
650 0 _aWomen's rights.
_@0000153043
852 1 _9p17550 KES
908 _a131219
950 _@1
999 _c4542
_d4542